[Event "DSOL 04 Liga Gr-C 1st"]
[Site "Playchess.com INT"]
[Date "2020.07.06"]
[Round "3.3"]
[White "Heilmann, Karl Ludwig"]
[Black "Reicke, Michael"]
[Result "0-1"]
[WhiteElo "1717"]
[BlackElo "1625"]
[PlyCount "72"]
[EventDate "2020.06.22"]
[EventType "team-tourn (rapid)"]
[EventCountry "GER"]
[SourceTitle "EXT 2021"]
[Source "ChessBase"]
[SourceDate "2020.10.23"]
[SourceVersion "1"]
[SourceVersionDate "2020.10.23"]
[SourceQuality "1"]
[WhiteTeam "Gerolzhofen"]
[BlackTeam "Lauenburg SV"]
[WhiteTeamCountry "GER"]
[BlackTeamCountry "GER"]

1. e4 c5 2. Nc3 g6 3. g3 Bg7 4. Bg2 d6 5. f4 Nc6 6. Nf3 Bg4 7. h3 Bd7 8. d3 a6 9. 0-0 e6 10. Rb1 Qc7 11. Be3 Nf6 12. Kh2 0-0-0 13. d4 cxd4 14. Nxd4 h5 15. f5 Nxd4 16. Bxd4 e5 17. Be3 gxf5 18. exf5 h4 19. g4 d5 20. Bg5 Bc6 21. Bxf6 Bxf6 22. Bxd5 e4+ 23. Kh1 Qg3 24. Qe2 Qxh3+ 25. Kg1 Bd4+ 26. Rf2 Bxf2+ 27. Qxf2 Qxg4+ 28. Kh1 Qh3+ 29. Qh2 Qxh2+ 30. Kxh2 Bxd5 31. Rd1 Bc6 32. Re1 Rd2+ 33. Re2 Rxe2+ 34. Nxe2 Bd7 35. Nd4 Rh5 36. Kh3 Bxf5+ 0-1

[Event "DSOL 04 Liga Gr-C 1st"]
[Site "Playchess.com INT"]
[Date "2020.06.24"]
[Round "1.4"]
[White "Reicke, Michael"]
[Black "Wilhelm, Jens"]
[Result "1-0"]
[WhiteElo "1625"]
[BlackElo "1000"]
[PlyCount "107"]
[EventDate "2020.06.22"]
[EventType "team-tourn (rapid)"]
[EventCountry "GER"]
[SourceTitle "EXT 2021"]
[Source "ChessBase"]
[SourceDate "2020.10.23"]
[SourceVersion "1"]
[SourceVersionDate "2020.10.23"]
[SourceQuality "1"]
[WhiteTeam "Lauenburg SV"]
[BlackTeam "Erbach"]
[WhiteTeamCountry "GER"]
[BlackTeamCountry "GER"]

1. d4 d5 2. Nf3 Bf5 3. Bf4 Nf6 4. Nbd2 c5 5. e3 c4 6. Be2 Nc6 7. c3 e6 8. Nh4 Be4 9. Nhf3 h6 10. Nxe4 Nxe4 11. Nd2 Nf6 12. Qc2 Be7 13. e4 0-0 14. e5 Nh7 15. Bg3 b5 16. a3 a5 17. 0-0 b4 18. Qa4 Qc7 19. f4 Rab8 20. Rab1 bxc3 21. bxc3 Rxb1 22. Rxb1 Rb8 23. Rxb8+ Nxb8 24. Qe8+ Nf8 25. a4 Qd8 26. Qb5 Nfd7 27. Qb1 Qb6 28. Qc2 Ba3 29. Bxc4 Qb2 30. Bb3 Qa1+ 31. Nb1 Bb2 32. Be1 Nb6 33. f5 Nc4 34. Bxc4 dxc4 35. fxe6 fxe6 36. d5 exd5 37. e6 Kf8 38. Qg6 Ke7 39. Qf7+ Kd6 40. Bg3+ Kc5 41. Qe7+ Kb6 42. Qd6+ Nc6 43. Bf2+ Kb7 44. Qd7+ Kb8 45. Bg3+ Ka8 46. Qxc6+ Ka7 47. Bf2+ Kb8 48. Qb6+ Kc8 49. Qc6+ Kb8 50. Bg3+ Ka7 51. Qc7+ Ka6 52. Qc8+ Kb6 53. Bf2+ d4 54. Bxd4# 1-0